[Event "CECLUB Segunda División"]
[Site "Linares"]
[Date "2017.08.11"]
[Round "6"]
[White "Nieves Cabanes, Jose Manuel"]
[Black "Tattersall Rodriguez, Lester"]
[Result "1/2-1/2"]
[Board "2"]
[WhiteTitle "FM"]
[WhiteElo "2309"]
[WhiteCountry "ESP"]
[WhiteFideId "22245715"]
[WhiteEloChange "-1"]
[BlackTitle "FM"]
[BlackElo "2275"]
[BlackCountry "ESP"]
[BlackFideId "2208903"]
[BlackEloChange "1"]

1. d4 {[%clk 1:30:46]} Nf6 {[%clk 1:30:31]} 2. c4 {[%clk 1:31:01]} e6 {[%clk
1:30:21]} 3. Nf3 {[%clk 1:30:05]} Bb4+ {[%clk 1:29:46]} 4. Bd2 {[%clk 1:29:41]}
Be7 {[%clk 1:29:55]} 5. Nc3 {[%clk 1:28:12]} d5 {[%clk 1:29:52]} 6. Bg5 {[%clk
1:26:02]} O-O {[%clk 1:26:46]} 7. e3 {[%clk 1:26:00]} c6 {[%clk 1:17:57]} 8. Qc2
{[%clk 1:24:49]} h6 {[%clk 1:16:14]} 9. Bh4 {[%clk 1:23:27]} b6 {[%clk 1:12:40]}
10. cxd5 {[%clk 1:16:48]} cxd5 {[%clk 1:09:49]} 11. Ne5 {[%clk 1:10:28]} Bb7
{[%clk 1:05:27]} 12. Bd3 {[%clk 1:09:14]} Nbd7 {[%clk 1:01:27]} 13. Nxd7 {[%clk
1:07:40]} Qxd7 {[%clk 0:58:25]} 14. O-O {[%clk 1:07:36]} Rac8 {[%clk 0:57:28]}
15. Rac1 {[%clk 1:00:52]} Ne4 {[%clk 0:52:03]} 16. Bxe7 {[%clk 0:58:23]} Qxe7
{[%clk 0:52:31]} 17. Bxe4 {[%clk 0:57:35]} dxe4 {[%clk 0:52:59]} 18. Qa4 {[%clk
0:56:06]} Bd5 {[%clk 0:47:53]} 19. Rfe1 {[%clk 0:51:22]} Rc7 {[%clk 0:32:21]} 20.
Nb5 {[%clk 0:46:13]} Bc6 {[%clk 0:29:39]} 21. Qc2 {[%clk 0:45:25]} Rcc8 {[%clk
0:30:00]} 22. Nc3 {[%clk 0:44:28]} Qb7 {[%clk 0:28:49]} 23. Qb3 {[%clk 0:43:06]}
Rc7 {[%clk 0:28:11]} 24. Qa3 {[%clk 0:36:17]} Rfc8 {[%clk 0:27:29]} 25. Qd6
{[%clk 0:30:22]} Bd5 {[%clk 0:24:58]} 26. h3 {[%clk 0:27:56]} a5 {[%clk 0:23:41]}
27. a4 {[%clk 0:24:43]} Rc4 {[%clk 0:22:04]} 28. Qa3 {[%clk 0:21:30]} Qd7 {[%clk
0:20:58]} 29. Qa1 {[%clk 0:19:05]} Rb4 {[%clk 0:17:16]} 30. Qb1 {[%clk 0:16:01]}
f5 {[%clk 0:10:42]} 31. Nxd5 {[%clk 0:14:10]} exd5 {[%clk 0:09:38]} 32. b3 {[%clk
0:11:19]} Rxc1 {[%clk 0:09:01]} 33. Rxc1 {[%clk 0:11:28]} b5 {[%clk 0:08:53]} 34.
Qc2 {[%clk 0:07:23]} bxa4 {[%clk 0:07:36]} 35. Qc8+ {[%clk 0:06:19]} Qxc8 {[%clk
0:08:02]} 36. Rxc8+ {[%clk 0:06:45]} Kf7 {[%clk 0:07:38]} 37. bxa4 {[%clk
0:07:12]} Rxa4 {[%clk 0:07:45]} 38. Rc7+ {[%clk 0:06:41]} Kf6 {[%clk 0:05:25]}
39. Rd7 {[%clk 0:06:33]} f4 {[%clk 0:04:00]} 40. Rxd5 {[%clk 0:05:43]} Ra1+
{[%clk 0:04:00]} 1/2-1/2

[Event "CECLUB Segunda División"]
[Site "Linares"]
[Date "2017.08.11"]
[Round "6"]
[White "Gaya Llodra, Juan"]
[Black "Silva Rodriguez, Fernando"]
[Result "1/2-1/2"]
[Board "3"]
[WhiteElo "2211"]
[WhiteCountry "ESP"]
[WhiteFideId "2210967"]
[WhiteEloChange "1"]
[BlackElo "2235"]
[BlackCountry "ESP"]
[BlackFideId "2215268"]
[BlackEloChange "-1"]

1. d4 {[%clk 1:28:00]} d5 {[%clk 1:30:49]} 2. g3 {[%clk 1:27:54]} Nf6 {[%clk
1:31:09]} 3. Nf3 {[%clk 1:28:17]} e6 {[%clk 1:29:42]} 4. Bg2 {[%clk 1:28:27]} c5
{[%clk 1:29:17]} 5. c4 {[%clk 1:28:42]} dxc4 {[%clk 1:26:46]} 6. O-O {[%clk
1:28:52]} Nc6 {[%clk 1:26:16]} 7. Ne5 {[%clk 1:28:45]} Bd7 {[%clk 1:22:35]} 8.
Nxc6 {[%clk 1:27:36]} Bxc6 {[%clk 1:22:56]} 9. Bxc6+ {[%clk 1:27:44]} bxc6 {[%clk
1:23:17]} 10. Qa4 {[%clk 1:27:37]} Rc8 {[%clk 1:13:15]} 11. dxc5 {[%clk 1:25:37]}
Bxc5 {[%clk 1:12:55]} 12. Qxc4 {[%clk 1:25:15]} Qd5 {[%clk 1:12:28]} 13. Nd2
{[%clk 1:21:42]} O-O {[%clk 1:10:01]} 14. Qc2 {[%clk 1:05:15]} Bb6 {[%clk
1:02:50]} 15. Nc4 {[%clk 0:58:07]} Qh5 {[%clk 0:57:43]} 16. Nxb6 {[%clk 0:49:01]}
axb6 {[%clk 0:57:57]} 17. f3 {[%clk 0:48:23]} c5 {[%clk 0:45:41]} 18. e4 {[%clk
0:42:24]} Nd7 {[%clk 0:44:03]} 19. Bf4 {[%clk 0:37:15]} c4 {[%clk 0:38:43]} 20.
Rad1 {[%clk 0:29:16]} Qc5+ {[%clk 0:34:37]} 21. Kg2 {[%clk 0:22:40]} Ne5 {[%clk
0:34:22]} 22. Bxe5 {[%clk 0:21:57]} Qxe5 {[%clk 0:34:46]} 23. Rf2 {[%clk
0:14:57]} b5 {[%clk 0:32:04]} 24. Qc3 {[%clk 0:09:24]} Qc5 {[%clk 0:26:41]} 25.
a3 {[%clk 0:09:31]} Rb8 {[%clk 0:15:10]} 26. Rd4 {[%clk 0:09:49]} Rfc8 {[%clk
0:15:04]} 27. Rfd2 {[%clk 0:08:59]} h6 {[%clk 0:11:05]} 28. Rd7 {[%clk 0:07:12]}
b4 {[%clk 0:09:28]} 29. axb4 {[%clk 0:07:30]} Rxb4 {[%clk 0:09:53]} 30. Qd4
{[%clk 0:03:34]} Qxd4 {[%clk 0:05:05]} 31. R7xd4 {[%clk 0:03:57]} Rc7 {[%clk
0:01:37]} 32. Kf2 {[%clk 0:02:16]} Rcb7 {[%clk 0:01:37]} 33. Rc2 {[%clk 0:02:16]}
1/2-1/2

[Event "CECLUB Segunda División"]
[Site "Linares"]
[Date "2017.08.11"]
[Round "6"]
[White "Nieves Cabanes, Javier"]
[Black "Castell Cantero, Salvador"]
[Result "0-1"]
[Board "4"]
[WhiteElo "2203"]
[WhiteCountry "ESP"]
[WhiteFideId "22245707"]
[WhiteEloChange "-12"]
[BlackElo "2149"]
[BlackCountry "ESP"]
[BlackFideId "22200754"]
[BlackEloChange "12"]

1. Nf3 {[%clk 1:30:33]} Nf6 {[%clk 1:30:13]} 2. c4 {[%clk 1:30:44]} e6 {[%clk
1:29:29]} 3. g3 {[%clk 1:30:29]} d5 {[%clk 1:29:01]} 4. Bg2 {[%clk 1:30:03]} Bd6
{[%clk 1:29:01]} 5. O-O {[%clk 1:25:09]} O-O {[%clk 1:29:14]} 6. b3 {[%clk
1:20:05]} c6 {[%clk 1:27:09]} 7. Bb2 {[%clk 1:20:11]} Nbd7 {[%clk 1:27:33]} 8. d3
{[%clk 1:20:13]} Qe7 {[%clk 1:25:57]} 9. Qc2 {[%clk 1:14:42]} e5 {[%clk 1:18:40]}
10. e4 {[%clk 1:12:47]} d4 {[%clk 1:13:38]} 11. a3 {[%clk 1:12:08]} c5 {[%clk
1:11:26]} 12. Qe2 {[%clk 1:10:37]} Re8 {[%clk 1:06:26]} 13. Nbd2 {[%clk 0:59:51]}
Nf8 {[%clk 1:05:35]} 14. Nh4 {[%clk 0:57:39]} Bg4 {[%clk 1:01:14]} 15. Qe1 {[%clk
0:48:17]} Qc7 {[%clk 1:01:23]} 16. Nf5 {[%clk 0:41:24]} Ne6 {[%clk 0:59:40]} 17.
f3 {[%clk 0:39:58]} Bh5 {[%clk 0:59:38]} 18. h4 {[%clk 0:39:54]} Bg6 {[%clk
0:57:32]} 19. Qf2 {[%clk 0:39:07]} Nh5 {[%clk 0:48:38]} 20. Bh3 {[%clk 0:37:43]}
Nef4 {[%clk 0:42:21]} 21. gxf4 {[%clk 0:33:09]} Nxf4 {[%clk 0:42:50]} 22. Qh2
{[%clk 0:26:33]} Nxd3 {[%clk 0:38:14]} 23. Nxd6 {[%clk 0:17:28]} Qxd6 {[%clk
0:38:26]} 24. Ra2 {[%clk 0:16:48]} Qf6 {[%clk 0:36:57]} 25. Bg2 {[%clk 0:17:06]}
Bh5 {[%clk 0:34:59]} 26. Bc1 {[%clk 0:16:28]} Qb6 {[%clk 0:30:20]} 27. Bh3 {[%clk
0:09:47]} Bg6 {[%clk 0:24:07]} 28. Kh1 {[%clk 0:05:31]} Rad8 {[%clk 0:24:10]} 29.
Rg1 {[%clk 0:04:30]} Rd6 {[%clk 0:24:08]} 30. Qg3 {[%clk 0:02:46]} h5 {[%clk
0:19:44]} 31. Rc2 {[%clk 0:02:55]} Rf6 {[%clk 0:19:04]} 32. Bf5 {[%clk 0:03:01]}
Nf4 {[%clk 0:18:21]} 33. Nf1 {[%clk 0:01:27]} d3 {[%clk 0:18:11]} 34. Rb2 {[%clk
0:01:12]} Ne2 {[%clk 0:18:30]} 35. Rxe2 {[%clk 0:01:13]} dxe2 {[%clk 0:19:00]}
36. Nd2 {[%clk 0:00:56]} Qd6 {[%clk 0:18:30]} 37. Re1 {[%clk 0:00:58]} Bxf5
{[%clk 0:16:12]} 38. exf5 {[%clk 0:01:27]} Rxf5 {[%clk 0:15:57]} 39. Rxe2 {[%clk
0:01:35]} Qd3 {[%clk 0:15:21]} 40. Rg2 {[%clk 0:01:46]} g6 {[%clk 0:15:27]} 41.
Kh2 {[%clk 0:01:39]} Rd8 {[%clk 0:14:57]} 42. Bb2 {[%clk 0:01:40]} Qe3 {[%clk
0:11:01]} 43. Qf2 {[%clk 0:00:48]} Qf4+ {[%clk 0:10:52]} 44. Kg1 {[%clk 0:00:58]}
e4 {[%clk 0:11:07]} 45. Qe1 {[%clk 0:00:39]} e3 {[%clk 0:06:00]} 46. Nf1 {[%clk
0:00:38]} Qxf3 {[%clk 0:04:35]} 47. Nxe3 {[%clk 0:01:04]} Re8 {[%clk 0:02:34]}
48. Re2 {[%clk 0:01:24]} Rf4 {[%clk 0:02:15]} 49. Qc3 {[%clk 0:00:48]} f6 {[%clk
0:01:49]} 50. Qc2 {[%clk 0:00:35]} Rfe4 {[%clk 0:01:14]} 51. Bc1 {[%clk 0:00:34]}
Kg7 {[%clk 0:00:55]} 52. Qd2 {[%clk 0:00:39]} R8e7 {[%clk 0:00:41]} 53. Qc3
{[%clk 0:00:35]} Qxe2 {[%clk 0:00:53]} 54. Nd5 {[%clk 0:00:38]} Rg4+ {[%clk
0:01:07]} 0-1

[Event "CECLUB Segunda División"]
[Site "Linares"]
[Date "2017.08.11"]
[Round "6"]
[White "Fidalgo Fernandez, Javier"]
[Black "Valles Moreno, Ivan"]
[Result "0-1"]
[Board "1"]
[WhiteTitle "FM"]
[WhiteElo "2312"]
[WhiteCountry "ESP"]
[WhiteFideId "2263645"]
[WhiteEloChange "-7"]
[BlackTitle "IM"]
[BlackElo "2435"]
[BlackCountry "ESP"]
[BlackFideId "2205688"]
[BlackEloChange "3"]

1. Nf3 {[%clk 1:27:00]} Nf6 {[%clk 1:27:44]} 2. c4 {[%clk 1:27:07]} g6 {[%clk
1:27:43]} 3. g3 {[%clk 1:27:22]} Bg7 {[%clk 1:28:05]} 4. Bg2 {[%clk 1:27:19]} O-O
{[%clk 1:28:14]} 5. O-O {[%clk 1:27:28]} d6 {[%clk 1:28:28]} 6. d4 {[%clk
1:27:44]} Nbd7 {[%clk 1:28:49]} 7. Nc3 {[%clk 1:27:18]} e5 {[%clk 1:28:49]} 8. e4
{[%clk 1:27:18]} exd4 {[%clk 1:29:32]} 9. Nxd4 {[%clk 1:27:16]} Re8 {[%clk
1:29:36]} 10. Re1 {[%clk 1:26:46]} Nc5 {[%clk 1:29:58]} 11. Nb3 {[%clk 1:26:06]}
Ng4 {[%clk 1:10:25]} 12. Bf4 {[%clk 1:14:51]} Ne5 {[%clk 1:06:43]} 13. Bxe5
{[%clk 1:14:00]} Bxe5 {[%clk 1:06:50]} 14. Qc2 {[%clk 1:11:52]} c6 {[%clk
1:03:33]} 15. Rad1 {[%clk 1:11:51]} Qb6 {[%clk 1:03:19]} 16. Nc1 {[%clk 1:11:04]}
Bg4 {[%clk 0:54:50]} 17. Rd2 {[%clk 1:09:54]} a5 {[%clk 0:49:39]} 18. h3 {[%clk
1:09:31]} Be6 {[%clk 0:49:21]} 19. Kh2 {[%clk 1:07:08]} Bxc4 {[%clk 0:40:16]} 20.
f4 {[%clk 1:07:11]} Bg7 {[%clk 0:40:20]} 21. Rxd6 {[%clk 1:06:18]} a4 {[%clk
0:36:04]} 22. e5 {[%clk 1:00:55]} a3 {[%clk 0:31:35]} 23. b3 {[%clk 0:59:23]} Be6
{[%clk 0:31:58]} 24. Red1 {[%clk 0:56:32]} Bf8 {[%clk 0:27:50]} 25. R6d4 {[%clk
0:55:57]} Rad8 {[%clk 0:24:26]} 26. N1e2 {[%clk 0:45:46]} Bf5 {[%clk 0:20:47]}
27. Ne4 {[%clk 0:45:44]} Be7 {[%clk 0:13:25]} 28. g4 {[%clk 0:43:41]} Bxe4 {[%clk
0:11:32]} 29. Bxe4 {[%clk 0:44:05]} Ne6 {[%clk 0:11:43]} 30. Rxd8 {[%clk
0:41:25]} Qf2+ {[%clk 0:11:54]} 31. Kh1 {[%clk 0:37:14]} Rxd8 {[%clk 0:11:48]}
32. Rxd8+ {[%clk 0:37:34]} Bxd8 {[%clk 0:12:12]} 33. f5 {[%clk 0:37:39]} Ng5
{[%clk 0:07:39]} 34. Bg2 {[%clk 0:38:00]} Qe1+ {[%clk 0:07:34]} 35. Kh2 {[%clk
0:37:49]} Bc7 {[%clk 0:07:45]} 36. Qd3 {[%clk 0:35:53]} Bxe5+ {[%clk 0:07:45]}
37. Ng3 {[%clk 0:36:18]} Qf2 {[%clk 0:04:00]} 38. h4 {[%clk 0:35:25]} Ne4 {[%clk
0:04:19]} 39. Qxe4 {[%clk 0:35:08]} Qxg3+ {[%clk 0:04:18]} 40. Kg1 {[%clk
0:35:32]} c5 {[%clk 0:04:21]} 41. g5 {[%clk 0:35:11]} Bd4+ {[%clk 0:04:41]} 42.
Kh1 {[%clk 0:35:38]} gxf5 {[%clk 0:04:10]} 43. Qxf5 {[%clk 0:35:48]} Qxh4+ {[%clk
0:04:16]} 44. Bh3 {[%clk 0:36:01]} Qg3 {[%clk 0:03:51]} 45. Bg2 {[%clk 0:35:54]}
b5 {[%clk 0:03:17]} 46. Qe4 {[%clk 0:33:48]} Qxg5 {[%clk 0:03:17]} 47. Qf3 {[%clk
0:33:14]} Kg7 {[%clk 0:03:28]} 48. Qf1 {[%clk 0:33:30]} Qg3 {[%clk 0:02:31]} 49.
Bh3 {[%clk 0:33:32]} Be5 {[%clk 0:02:12]} 50. Qg2 {[%clk 0:33:24]} c4 {[%clk
0:01:25]} 51. bxc4 {[%clk 0:33:48]} Qxg2+ {[%clk 0:01:42]} 52. Bxg2 {[%clk
0:33:25]} bxc4 {[%clk 0:01:29]} 53. Be4 {[%clk 0:33:42]} h5 {[%clk 0:01:53]} 54.
Kg2 {[%clk 0:33:57]} Kf6 {[%clk 0:02:13]} 55. Kf3 {[%clk 0:34:15]} Kg5 {[%clk
0:01:59]} 56. Bd5 {[%clk 0:34:30]} c3 {[%clk 0:02:24]} 0-1

[Event "CECLUB Segunda División"]
[Site "Linares"]
[Date "2017.08.11"]
[Round "6"]
[White "Perez Gonzalez, Jose Manuel"]
[Black "Fernandez Torre, Ivan"]
[Result "1/2-1/2"]
[Board "2"]
[WhiteTitle "FM"]
[WhiteElo "2314"]
[WhiteCountry "ESP"]
[WhiteFideId "2229277"]
[WhiteEloChange "-4"]
[BlackElo "2152"]
[BlackCountry "ESP"]
[BlackFideId "2229528"]
[BlackEloChange "4"]

1. e4 {[%clk 1:30:57]} c5 {[%clk 1:30:59]} 2. Nf3 {[%clk 1:31:18]} e6 {[%clk
1:31:25]} 3. d4 {[%clk 1:31:42]} cxd4 {[%clk 1:31:50]} 4. Nxd4 {[%clk 1:32:07]}
Qb6 {[%clk 1:32:15]} 5. Be3 {[%clk 1:32:15]} Bc5 {[%clk 1:32:21]} 6. c3 {[%clk
1:32:12]} Nc6 {[%clk 1:29:05]} 7. Nd2 {[%clk 1:32:15]} Bxd4 {[%clk 1:22:08]} 8.
Bxd4 {[%clk 1:29:19]} Nxd4 {[%clk 1:22:25]} 9. Nc4 {[%clk 1:29:39]} Qc5 {[%clk
1:18:15]} 10. b4 {[%clk 1:27:03]} Qc6 {[%clk 1:16:24]} 11. Qxd4 {[%clk 1:27:15]}
Nf6 {[%clk 1:16:44]} 12. Nd6+ {[%clk 1:24:18]} Kf8 {[%clk 1:14:37]} 13. Be2
{[%clk 1:16:56]} Qb6 {[%clk 1:10:16]} 14. Qd2 {[%clk 1:08:16]} Ne8 {[%clk
1:06:40]} 15. Nc4 {[%clk 1:01:19]} Qc6 {[%clk 1:05:26]} 16. e5 {[%clk 0:59:11]}
Qxg2 {[%clk 0:58:18]} 17. O-O-O {[%clk 0:59:32]} Qe4 {[%clk 0:48:58]} 18. Rhg1
{[%clk 0:56:03]} b5 {[%clk 0:43:04]} 19. Rg4 {[%clk 0:56:01]} Qc6 {[%clk
0:42:15]} 20. Rf4 {[%clk 0:51:13]} Qc7 {[%clk 0:38:03]} 21. Nd6 {[%clk 0:46:02]}
Nxd6 {[%clk 0:37:46]} 22. exd6 {[%clk 0:46:26]} Qb6 {[%clk 0:36:55]} 23. Rg1
{[%clk 0:46:07]} g6 {[%clk 0:31:02]} 24. c4 {[%clk 0:34:57]} Bb7 {[%clk 0:26:05]}
25. Qc3 {[%clk 0:30:51]} Rg8 {[%clk 0:26:33]} 26. c5 {[%clk 0:29:55]} Qa6 {[%clk
0:26:28]} 27. Bf3 {[%clk 0:26:27]} Rb8 {[%clk 0:23:43]} 28. Rg3 {[%clk 0:25:35]}
Rg7 {[%clk 0:21:31]} 29. Kb2 {[%clk 0:25:06]} Bxf3 {[%clk 0:17:13]} 30. Rgxf3
{[%clk 0:24:47]} f5 {[%clk 0:17:35]} 31. h4 {[%clk 0:24:15]} h5 {[%clk 0:17:30]}
32. Rg3 {[%clk 0:19:32]} Kf7 {[%clk 0:16:55]} 33. Rd4 {[%clk 0:18:46]} Rc8 {[%clk
0:15:43]} 34. f4 {[%clk 0:18:10]} Rgg8 {[%clk 0:13:24]} 35. Qe1 {[%clk 0:14:30]}
Qc6 {[%clk 0:12:57]} 36. Ra3 {[%clk 0:13:07]} Ra8 {[%clk 0:11:56]} 37. Ra5 {[%clk
0:12:59]} a6 {[%clk 0:12:21]} 38. Qf2 {[%clk 0:10:30]} Rge8 {[%clk 0:11:58]} 39.
Qg3 {[%clk 0:09:32]} 1/2-1/2

[Event "CECLUB Segunda División"]
[Site "Linares"]
[Date "2017.08.11"]
[Round "6"]
[White "Ortiz Fernandez-Vega, Alejandro"]
[Black "Martin Rueda, Daniel"]
[Result "1-0"]
[Board "3"]
[WhiteElo "2173"]
[WhiteCountry "ESP"]
[WhiteFideId "2226146"]
[WhiteEloChange "14"]
[BlackTitle "FM"]
[BlackElo "2310"]
[BlackCountry "ESP"]
[BlackFideId "2226847"]
[BlackEloChange "-14"]

1. e4 {[%clk 1:30:56]} c5 {[%clk 1:28:55]} 2. Nf3 {[%clk 1:31:17]} d6 {[%clk
1:29:08]} 3. d4 {[%clk 1:31:38]} cxd4 {[%clk 1:29:32]} 4. Nxd4 {[%clk 1:31:59]}
Nf6 {[%clk 1:29:57]} 5. Nc3 {[%clk 1:32:20]} Nc6 {[%clk 1:29:50]} 6. Nb3 {[%clk
1:29:41]} e6 {[%clk 1:28:20]} 7. Be3 {[%clk 1:29:19]} Be7 {[%clk 1:27:26]} 8. Bd3
{[%clk 1:29:33]} a6 {[%clk 1:26:42]} 9. O-O {[%clk 1:29:50]} O-O {[%clk 1:26:45]}
10. f4 {[%clk 1:29:45]} b5 {[%clk 1:26:35]} 11. Qf3 {[%clk 1:29:39]} Bb7 {[%clk
1:24:00]} 12. e5 {[%clk 1:22:10]} dxe5 {[%clk 1:19:27]} 13. fxe5 {[%clk 1:22:19]}
Nd7 {[%clk 1:19:32]} 14. Qh3 {[%clk 1:20:55]} g6 {[%clk 1:19:52]} 15. Bh6 {[%clk
1:18:36]} Re8 {[%clk 0:47:49]} 16. Rxf7 {[%clk 1:18:10]} Kxf7 {[%clk 0:47:19]}
17. Rf1+ {[%clk 1:18:33]} Kg8 {[%clk 0:47:30]} 18. Qxe6+ {[%clk 1:18:43]} Kh8
{[%clk 0:47:42]} 19. Bg7+ {[%clk 1:18:51]} 1-0

[Event "CECLUB Segunda División"]
[Site "Linares"]
[Date "2017.08.11"]
[Round "6"]
[White "Sanchez Gonzalez, Sergio"]
[Black "Iglesias Leon, Francisco J."]
[Result "1-0"]
[Board "4"]
[WhiteTitle "FM"]
[WhiteElo "2264"]
[WhiteCountry "ESP"]
[WhiteFideId "2273020"]
[WhiteEloChange "7"]
[BlackElo "2172"]
[BlackCountry "ESP"]
[BlackFideId "2212544"]
[BlackEloChange "-7"]

1. Nf3 {[%clk 1:30:56]} Nf6 {[%clk 1:30:53]} 2. c4 {[%clk 1:31:17]} g6 {[%clk
1:31:01]} 3. g3 {[%clk 1:31:34]} Bg7 {[%clk 1:31:26]} 4. Bg2 {[%clk 1:31:57]} O-O
{[%clk 1:31:51]} 5. O-O {[%clk 1:32:03]} c5 {[%clk 1:31:39]} 6. d4 {[%clk
1:31:55]} d6 {[%clk 1:31:59]} 7. Nc3 {[%clk 1:32:08]} Nc6 {[%clk 1:32:11]} 8. h3
{[%clk 1:30:13]} Bf5 {[%clk 1:26:25]} 9. d5 {[%clk 1:13:36]} Na5 {[%clk 1:24:30]}
10. Nd2 {[%clk 1:13:48]} e5 {[%clk 1:14:58]} 11. dxe6 {[%clk 1:05:34]} Bxe6
{[%clk 1:15:09]} 12. Nd5 {[%clk 1:04:54]} Bxd5 {[%clk 1:10:57]} 13. cxd5 {[%clk
1:05:18]} b5 {[%clk 1:11:10]} 14. Rb1 {[%clk 1:05:09]} Nb7 {[%clk 0:58:33]} 15.
b3 {[%clk 1:00:24]} Qa5 {[%clk 0:53:34]} 16. Qc2 {[%clk 0:54:55]} Rfe8 {[%clk
0:53:12]} 17. e3 {[%clk 0:52:06]} Nd7 {[%clk 0:51:13]} 18. Ne4 {[%clk 0:50:46]}
Rac8 {[%clk 0:49:50]} 19. Bd2 {[%clk 0:49:03]} b4 {[%clk 0:49:42]} 20. f4 {[%clk
0:45:54]} Nf6 {[%clk 0:43:52]} 21. f5 {[%clk 0:43:47]} Nxe4 {[%clk 0:40:41]} 22.
Bxe4 {[%clk 0:44:13]} Qd8 {[%clk 0:40:58]} 23. Rf3 {[%clk 0:41:13]} Qg5 {[%clk
0:36:23]} 24. Rbf1 {[%clk 0:39:59]} Be5 {[%clk 0:35:51]} 25. Kg2 {[%clk 0:39:39]}
Nd8 {[%clk 0:34:47]} 26. Bd3 {[%clk 0:39:47]} Bc3 {[%clk 0:30:01]} 27. Bxc3
{[%clk 0:38:21]} bxc3 {[%clk 0:30:25]} 28. Qxc3 {[%clk 0:38:17]} Rb8 {[%clk
0:25:27]} 29. Qe1 {[%clk 0:36:54]} Rb7 {[%clk 0:24:30]} 30. Qf2 {[%clk 0:36:32]}
Rbe7 {[%clk 0:24:09]} 31. Bb5 {[%clk 0:35:53]} Rf8 {[%clk 0:24:04]} 32. Rf4
{[%clk 0:36:15]} Re5 {[%clk 0:23:40]} 33. e4 {[%clk 0:36:09]} gxf5 {[%clk
0:19:52]} 34. Rxf5 {[%clk 0:32:19]} Rxf5 {[%clk 0:20:07]} 35. exf5 {[%clk
0:32:43]} Qf6 {[%clk 0:14:58]} 36. Qe2 {[%clk 0:30:45]} Qd4 {[%clk 0:12:19]} 37.
Qg4+ {[%clk 0:30:25]} Qxg4 {[%clk 0:12:37]} 38. hxg4 {[%clk 0:30:51]} f6 {[%clk
0:11:32]} 39. Bd7 {[%clk 0:29:46]} Kg7 {[%clk 0:10:30]} 40. Re1 {[%clk 0:29:16]}
Rf7 {[%clk 0:09:28]} 41. Be8 {[%clk 0:29:02]} Rb7 {[%clk 0:09:46]} 42. Bh5 {[%clk
0:29:16]} Nf7 {[%clk 0:08:37]} 43. Bxf7 {[%clk 0:29:41]} Kxf7 {[%clk 0:08:54]}
44. Re6 {[%clk 0:30:04]} Rb6 {[%clk 0:09:00]} 45. Kf3 {[%clk 0:29:48]} Ra6 {[%clk
0:07:54]} 46. Ke4 {[%clk 0:26:07]} Rb6 {[%clk 0:07:39]} 47. Kd3 {[%clk 0:24:37]}
a5 {[%clk 0:08:00]} 48. Re4 {[%clk 0:24:43]} Rb8 {[%clk 0:07:31]} 49. Ke3 {[%clk
0:23:36]} Ra8 {[%clk 0:06:40]} 50. Kf4 {[%clk 0:23:46]} h6 {[%clk 0:06:57]} 51.
Ra4 {[%clk 0:23:13]} Ra7 {[%clk 0:07:11]} 52. Ke3 {[%clk 0:21:59]} Ra8 {[%clk
0:07:07]} 53. Kd3 {[%clk 0:21:56]} Rg8 {[%clk 0:07:13]} 54. Ke3 {[%clk 0:21:26]}
Ra8 {[%clk 0:07:13]} 55. Kf3 {[%clk 0:20:07]} Re8 {[%clk 0:05:12]} 56. Rxa5
{[%clk 0:20:03]} Re5 {[%clk 0:05:41]} 57. Ra7+ {[%clk 0:20:16]} Kg8 {[%clk
0:05:52]} 58. a4 {[%clk 0:19:49]} Rxd5 {[%clk 0:06:08]} 59. Re7 {[%clk 0:20:08]}
Rd1 {[%clk 0:05:58]} 60. Re6 {[%clk 0:19:47]} Rb1 {[%clk 0:05:31]} 61. Re3 {[%clk
0:19:22]} Kf7 {[%clk 0:05:43]} 62. Ke4 {[%clk 0:19:00]} Rd1 {[%clk 0:05:14]} 63.
Rd3 {[%clk 0:19:23]} Ra1 {[%clk 0:03:10]} 64. Kd5 {[%clk 0:19:16]} Ke7 {[%clk
0:03:31]} 65. Kc6 {[%clk 0:19:42]} c4 {[%clk 0:03:47]} 66. bxc4 {[%clk 0:19:44]}
Rxa4 {[%clk 0:04:14]} 67. Re3+ {[%clk 0:20:10]} Kf7 {[%clk 0:04:26]} 68. Kd5
{[%clk 0:20:29]} Ra6 {[%clk 0:03:42]} 69. Rb3 {[%clk 0:20:52]} Ra4 {[%clk
0:03:43]} 70. Rb7+ {[%clk 0:20:03]} Kg8 {[%clk 0:03:57]} 71. Rb6 {[%clk 0:20:18]}
Ra3 {[%clk 0:03:34]} 72. Rxd6 {[%clk 0:20:40]} Rxg3 {[%clk 0:03:59]} 73. Rxf6
{[%clk 0:21:07]} Rxg4 {[%clk 0:03:46]} 74. Rg6+ {[%clk 0:21:31]} Rxg6 {[%clk
0:04:11]} 75. fxg6 {[%clk 0:21:58]} 1-0

[Event "CECLUB Segunda División"]
[Site "Linares"]
[Date "2017.08.11"]
[Round "6"]
[White "Suarez Gomez, Julio"]
[Black "Garcia Molla, Victor"]
[Result "1-0"]
[Board "1"]
[WhiteTitle "FM"]
[WhiteElo "2474"]
[WhiteCountry "ESP"]
[WhiteFideId "22275991"]
[WhiteEloChange "3"]
[BlackTitle "FM"]
[BlackElo "2344"]
[BlackCountry "ESP"]
[BlackFideId "2201062"]
[BlackEloChange "-6"]

1. d4 {[%clk 1:30:53]} d5 {[%clk 1:30:42]} 2. c4 {[%clk 1:31:16]} e6 {[%clk
1:31:06]} 3. Nc3 {[%clk 1:31:32]} c6 {[%clk 1:29:51]} 4. cxd5 {[%clk 1:31:53]}
exd5 {[%clk 1:30:13]} 5. Bf4 {[%clk 1:32:17]} Bf5 {[%clk 1:30:02]} 6. e3 {[%clk
1:32:36]} Nf6 {[%clk 1:29:37]} 7. Nge2 {[%clk 1:29:36]} Qb6 {[%clk 1:21:12]} 8.
Qd2 {[%clk 1:29:21]} Nbd7 {[%clk 1:16:51]} 9. Ng3 {[%clk 1:28:10]} Bg6 {[%clk
1:16:23]} 10. Bd3 {[%clk 1:20:00]} Bxd3 {[%clk 1:14:06]} 11. Qxd3 {[%clk
1:20:27]} Qxb2 {[%clk 1:07:58]} 12. Rb1 {[%clk 1:19:45]} Qa3 {[%clk 1:08:20]} 13.
Rb3 {[%clk 1:14:51]} Qa5 {[%clk 1:06:34]} 14. O-O {[%clk 1:12:57]} Bb4 {[%clk
1:03:45]} 15. Rfb1 {[%clk 1:10:20]} Bxc3 {[%clk 1:03:50]} 16. Rxc3 {[%clk
1:10:42]} O-O {[%clk 1:02:07]} 17. Ra3 {[%clk 1:07:43]} Qd8 {[%clk 1:02:13]} 18.
Rxb7 {[%clk 1:08:05]} c5 {[%clk 1:01:35]} 19. Bc7 {[%clk 0:55:16]} Qe7 {[%clk
0:56:51]} 20. Rbxa7 {[%clk 0:47:02]} c4 {[%clk 0:54:16]} 21. Qb1 {[%clk 0:45:16]}
Rxa7 {[%clk 0:50:36]} 22. Rxa7 {[%clk 0:45:41]} g6 {[%clk 0:50:09]} 23. h3 {[%clk
0:44:01]} Qe6 {[%clk 0:44:48]} 24. Qb7 {[%clk 0:43:22]} Re8 {[%clk 0:42:44]} 25.
Ra6 {[%clk 0:38:35]} Qe7 {[%clk 0:43:05]} 26. Bd6 {[%clk 0:37:54]} Qd8 {[%clk
0:40:09]} 27. Bb4 {[%clk 0:35:54]} Qc8 {[%clk 0:38:42]} 28. Qxc8 {[%clk 0:36:18]}
Rxc8 {[%clk 0:39:04]} 29. Ne2 {[%clk 0:36:43]} Rb8 {[%clk 0:36:08]} 30. a3 {[%clk
0:37:03]} Rb6 {[%clk 0:32:12]} 31. Ra8+ {[%clk 0:37:23]} Kg7 {[%clk 0:32:35]} 32.
Nc3 {[%clk 0:37:27]} g5 {[%clk 0:32:44]} 33. Ra5 {[%clk 0:36:34]} Rc6 {[%clk
0:27:41]} 34. Nxd5 {[%clk 0:36:27]} Nxd5 {[%clk 0:26:19]} 35. Rxd5 {[%clk
0:36:52]} Nb6 {[%clk 0:26:40]} 36. Rxg5+ {[%clk 0:36:52]} Kf6 {[%clk 0:27:02]}
37. Rc5 {[%clk 0:35:38]} Rxc5 {[%clk 0:27:25]} 38. dxc5 {[%clk 0:36:04]} Nd5
{[%clk 0:27:42]} 39. Kf1 {[%clk 0:36:14]} 1-0